|
|
|
|
| LEADER |
00887cam a2200241 7i4500 |
| 001 |
0000012008 |
| 005 |
20210126090000.0 |
| 020 |
|
|
|a 0306473496 (hbk.)
|
| 020 |
|
|
|a 9780306473494
|
| 090 |
0 |
0 |
|a TP248.25.B55
|b N55 2003
|
| 100 |
1 |
|
|a Nielsen, Jens
|
| 245 |
1 |
0 |
|a Bioreaction engineering principles
|c Jens Nielsen, John Villadsen, Gunnar Liden.
|
| 250 |
|
|
|a 2nd ed.
|
| 260 |
|
|
|a New York:
|b Kluwer Academic,
|c 2003.
|
| 300 |
|
|
|a xv, 528 p.:
|b ill;
|c 26 cm.
|
| 504 |
|
|
|a Includes bibliographical references and index
|
| 650 |
0 |
0 |
|a Bioreactors
|
| 700 |
1 |
|
|a Villadsen, John
|
| 700 |
1 |
|
|a Liden, Gunnar
|
| 997 |
|
|
|a Engineering & Life Sciences, Faculty
|b Science & Biotechnology, Department
|
| 999 |
|
|
|a 0000016117
|b BOK
|c OPEN SHELF
|e 2nd Floor, Bestari Jaya
|
| 999 |
|
|
|a 0000016118
|b BOK
|c OPEN SHELF
|e 2nd Floor, Bestari Jaya
|
| 999 |
|
|
|a 0000016119
|b BOK
|c OPEN SHELF
|e 2nd Floor, Bestari Jaya
|